Libertad y Cultura / (Record no. 1610)

000 -CABECERA
fixed length control field 00904nam a22002297a 4500
003 - IDENTIFICADOR DEL NÚMERO DE CONTROL
control field AR-CdUCM
008 - DATOS DE LONGITUD FIJA--INFORMACIÓN GENERAL
fixed length control field 190227b ||||| |||| 00| 0 spa d
040 ## - FUENTE DE LA CATALOGACIÓN
Agencia/entidad que catalogó originalmente la obra MUNICIPALIDAD PROVINCIAL DEL CUSCO
Entidad que transcribió la catalogación BIBLIOTECA MUNICIPAL DEL CUSCO
082 ## - NÚMERO DE LA CLASIFICACIÓN DECIMAL DEWEY
No. de Clasificación 326 /
Notacion interna D65
100 ## - ENTRADA PRINCIPAL--NOMBRE DE PERSONA
Nombre Personal Dewey, John
245 ## - MENCIÓN DE TÍTULO
Título Libertad y Cultura /
Mención de responsabilidad Dewey, John
260 ## - PUBLICACIÓN, DISTRIBUCIÓN, ETC.
Lugar de publicación, distribución, etc. Mexico :
Nombre de la editorial, distribuidor, etc. Editorial Hispano Americana ,
Fecha de publicación, distribución, etc. 1965.
300 ## - DESCRIPCIÓN FÍSICA
Nº de Páginas Extensión 177 paginas :
Dimensiones 17 cm.
440 ## - MENCIÓN DE SERIE/PUNTO DE ACCESO ADICIONAL--TÍTULO
Título Manuales de UTEHA
Número de la parte/sección de una obra 326/326a
9 (RLIN) 6030
505 ## - NOTA DE CONTENIDO CON FORMATO
Nota de contenido formateada El Problema de la Libertad -- Cultura y Naturaleza Humana -- El fondo historico Norteamericano -- Economia Totalitaria y Democracia -- Democracia y Naturaleza Humana -- Ciencia y Libre Cultura -- La democracia...
650 ## - PUNTO DE ACCESO ADICIONAL DE MATERIA--TÉRMINO DE MATERIA
Descriptor Democracia.
9 (RLIN) 2598
650 ## - PUNTO DE ACCESO ADICIONAL DE MATERIA--TÉRMINO DE MATERIA
Descriptor Cultura y CIencia.
9 (RLIN) 6031
650 ## - PUNTO DE ACCESO ADICIONAL DE MATERIA--TÉRMINO DE MATERIA
Descriptor Humanidades.
9 (RLIN) 641
700 ## - PUNTO DE ACCESO ADICIONAL--NOMBRE DE PERSONA
Nombre Personal Dewey, John
9 (RLIN) 6029
942 ## - ELEMENTOS DE PUNTO DE ACCESO ADICIONAL (KOHA)
Fuente de clasificación
Tipo de item Libros-BMC
945 ## - PROCESAMIENTO DE INFORMACIÓN LOCAL (OCLC)
Catalogador rtm
AAAA-MM-DD - Fecha de ingreso o modificacion 2019-02-27
Holdings
Estado de retiro (separado) Fuente de clasificación o esquema de estanterías Estado dañado Ubicación Sala donde se ubica Nombre de la colección Fecha de adquisición o compra Costo, precio normal en soles Signatura topográfica Código de Barras Última vez visto (Koha) Tipo de ítem (Koha)
No     Sala Humanidades Sala Humanidades Book Cart 2019-02-27 20.00 326 / D65 SH0000001836 2019-02-27 Libros-BMC
No     Sala Humanidades Sala Humanidades Book Cart 2019-02-27 20.00 326 / D65 / e.2 SH0000001838 2019-02-27 Libros-BMC

Powered by Koha